| 000 | 00440nam a2200169Ia 4500 | ||
|---|---|---|---|
| 008 | 191130s2002##################000#0#eng## | ||
| 020 | _a406952531 | ||
| 040 |
_aACL _cACL |
||
| 082 | _a348.4204 THE | ||
| 245 | _aThe all England law reports 2002 | ||
| 260 |
_aLondon _bButterworth & Co _c2002 |
||
| 300 | _a976 p.; 23 cm | ||
| 650 | _aLaw- Reports | ||
| 990 | _a0cf17649ac10000c4a80cc5ce9e97a50 | ||
| 991 | _a393208 | ||
| 999 |
_c300812 _d300812 |
||